Redžúr 2009 : proceedings; 3rd International Workshop on Speech and Signal Processing. Bratislava, Slovak Republic, 24.9.2009
Uložené v:
| Ďalší autori: | , , |
|---|---|
| Médium: | Kniha |
| Jazyk: | English |
| Vydavateľské údaje: |
Bratislava :
STU v Bratislave FEI,
2009
|
| Tagy: |
Žiadne tagy, Buďte prvý, kto otaguje tento záznam!
|
MARC
| LEADER | 00000nam a22000003a 4500 | ||
|---|---|---|---|
| 001 | stu192958 | ||
| 005 | 20230308140451.3 | ||
| 008 | 091019s2007------------------------eng-d | ||
| 020 | |a 978-80-227-3137-9 | ||
| 040 | |a STU |b slo | ||
| 041 | 0 | |a eng | |
| 100 | 1 | |a Rozinaj, Gregor, |d 1957- |4 edt |u E070 |U FEI Fakulta elektrotechniky a informatiky |T FEI Ústav telekomunikácií |X 1945 |U E070 |Y 818 |7 A000001945 | |
| 245 | 1 | |a Redžúr 2009 : |b proceedings; 3rd International Workshop on Speech and Signal Processing. Bratislava, Slovak Republic, 24.9.2009 | |
| 260 | |a Bratislava : |b STU v Bratislave FEI, |c 2009 | ||
| 700 | 1 | |a Körösi, Ján, |d 1982- |4 edt |u E240 |U FEI Fakulta elektrotechniky a informatiky |T FEI Katedra telekomunikácií |X 3447 |U E240 |Y 72 |7 A000003447 | |
| 700 | 1 | |a Vojtko, Juraj, |d 1981- |4 edt |u E070 |U FEI Fakulta elektrotechniky a informatiky |T FEI Ústav telekomunikácií |X 10303 |U E070 |Y 818 |7 A000010303 | |
| 996 | |b 284EO00211 |c E*O-211 |l EE0104 |s P |a 0 |w stu192958_0001 | ||